00334nam a2200133Ia 4500008004100000020001500041041000800056082001200064100002800076245002400104260002900128300002900157650001400186180314s9999 xx 000 0 und d a9812530592 aeng a547 SOL aSolomons, T. W. Graham. 0aOrganic chemistry / aWiley,bNew York :c2004 a1 v. (various pagings) : achemistry